00317nam a2200121Ia 4500008004100000100002300041245003500064260004100099300000900140650002400149942000700173999001500180190216s9999||||xx |||||||||||||| ||und|| aKenneth L Rinehart 0aChemistry Of Carbonyl Compunds bPrentice Hall Of India Pvt Ltdc1975 a141p aChemistry-Chemistry cBK c2045d2045